[Event "Dubai op 6th"]
[Site "Dubai"]
[Date "2004.04.25"]
[Round "7"]
[White "Carlsen, Magnus"]
[Black "Ganguly, Surya Shekhar"]
[Result "1-0"]
[WhiteElo "2552"]
[BlackElo "2582"]
[Annotator "Roiz,M"]
[PlyCount "84"]
[EventDate "2004.04.19"]
[EventType "swiss"]
[EventRounds "9"]
[EventCountry "UAE"]
[SourceTitle "CBM 101"]
[Source "ChessBase"]
[SourceDate "2004.07.27"]
[SourceVersion "1"]
[SourceVersionDate "2004.07.27"]
[SourceQuality "1"]

{[%mdl 2048]} 1. d4 Nf6 2. Bg5 Ne4 3. Bf4 c5 4. f3 Nf6 {Quite a rare move
nowdays, although it was played by top players.} ({The most common line is:} 
4... Qa5+ 5. c3 Nf6 6. Nd2 cxd4 7. Nb3 Qb6 ({or} 7... Qd8)) 5. dxc5 b6 {
That original move is logical: black wants to reach a solid pawn centre. The
drawback of it is some loss of time.} ({The alternatives are:} 5... Na6 6. e4
Nxc5 7. Nc3 d6 (7... g6 8. Be3 Ne6 9. e5 Nh5 10. Qd2 Qa5 11. g4 Nhg7 12. O-O-O
Qxe5 13. Bb5 Qc7 14. Nd5 $36 {1-0 Beshukov,S-Shulman,Y/Gausdal 1994/EXT 97 (29)
}) 8. Qd2 Be6 (8... e5 9. Bb5+ Ncd7 10. Bg5 a6 11. Bxf6 Qxf6 12. Nd5 $14 {
1/2-1/2 Hodgson,J-Reinderman,D/Leeuwarden 1993/TD (22)}) 9. Nge2 a6 10. Nd4 Bd7
11. Nb3 Na4 12. Nxa4 Bxa4 13. Be2 g6 14. O-O Bg7 15. Bh6 $14 {1-0 Hauchard,
A-Bacrot,E/France 1998/CBM 64 ext (66)}) (5... Qa5+ 6. Nc3 Qxc5 7. e4 d6 (7...
g6 8. Qd2 d6 9. O-O-O Bg7 10. Bh6 O-O 11. h4 Be6 12. h5 Nxh5 13. Bxg7 Kxg7 14.
g4 $40 {1-0 Adams,M-Leko,P/Cap d'Agde 1996/CBM 55 ext (24)}) 8. Qd2 a6 9. O-O-O
Nbd7 10. g4 (10. Nh3 b5 11. Nf2 Bb7 12. Nd3 Qc7 13. g4 Rc8 14. h4 e5 15. Bh2
Nb6 16. g5 Nc4 17. Qe1 Nd7 $132 {1/2-1/2 Hodgson,J-Vyzmanavin,A/Zaragoza 1993/
EXT 97 (23)}) 10... h6 11. Nge2 (11. h4 $5) 11... b5 12. Ng3 Bb7 13. Kb1 Ne5
$132 {0-1 Grigore,G-Marin,M/Eforie Nord 2002/EXT 2003 (56)}) 6. Nc3 {White has
to play very energetically in order to exploit some slowly way of
development-5...b6.} (6. e4 bxc5 7. e5 Qc7 8. Nc3 Nc6 9. exf6 Qxf4 10. fxe7
Bxe7 11. Nd5 Qe5+ 12. Kf2 O-O 13. c3 Rb8 14. Qd2 Re8 15. f4 Qe4 16. Nf3 c4 $132
{1/2-1/2 Puranen,J-Rytshagov,M/Helsinki 1995/EXT 98 (39)}) 6... bxc5 7. e4 d6
$6 $146 {An unsuccessful idea. Black doesn't prevent white from playing e4-e5.
More than that, it becomes even more powerful.} (7... Nc6 8. Bc4 (8. Nd5 d6 9.
Nxf6+ gxf6 10. Qd2 Qb6 11. b3 f5 12. c3 Bg7 13. Bc4 Ne5 14. Bxe5 Bxe5 15. exf5
Bxf5 16. Ne2 Rd8 $132 {1-0 Pomes Marcet,J-Oms Pallise,J/Linares 1998/EXT 99 
(20)}) 8... d6 (8... Qa5 9. Nge2 g6 10. O-O d6 11. Nd5 Nd7 12. Bd2 Qd8 13. Bc3
Rg8 14. f4 $16 {0-1 Meszaros,G-Timoscenko,G/Slovakia 1997/EXT 99 (40)}) 9. e5
dxe5 10. Qxd8+ Kxd8 11. O-O-O+ Bd7 12. Bb5 exf4 13. Bxc6 Rc8 14. Bxd7 Nxd7 15.
Nh3 $14 {1-0 Kasparov,G-Reinderman,D/Wijk aan Zee 1999/CBM 68 ext (47)}) 8. e5
$1 dxe5 (8... Nh5 $2 9. Qd5 Nxf4 10. Qxa8 $18) 9. Qxd8+ Kxd8 10. O-O-O+ Nbd7
11. Bxe5 {White is ahead of black in development. Black's additional problem
is a serious weakness on c5.} Bb7 {It's not easy to find a safe place for
black's monarch. Black is trying to keep it on he queen-side.} ({White has a
great advantage after:} 11... a6 12. Nh3 Ke8 13. Bg3 e6 14. Nf2 Bb7 15. Nfe4
Nxe4 16. Nxe4 $16) 12. Nh3 Kc8 {In my opinion, better was to keep the monarch
in the centre.} ({More to the point was:} 12... a6 13. Bc4 Ke8 14. Bg3 e6 (
14... Nb6 15. Bd3 $14) 15. Rhe1 Be7 $14 {with a worse but solid position.}) 13.
Bg3 {[%cal Gh3g5]} h6 ({After} 13... g6 {white has to exchange the main
defender of the dark squares:} 14. Bc4 e6 15. Nb5 $1 $16 {with an obvious
advantage.}) 14. Bc4 e6 15. Nf4 Be7 $6 {An additional inaccucy, which allows
white to seize a strong and stable initiative.} ({Better was:} 15... Nb6 $142
16. Bd3 ({the sacrifice is not so clear:} 16. Nxe6 $6 fxe6 17. Bxe6+ Nfd7 $1 (
17... Nbd7 $2 18. Ne4 Bc6 $8 19. Nxf6 gxf6 20. Bf5 $1 $16 {[%csl Rh7,Rh8][%cal
Yf5h7,Gh1e1]}) 18. Rd2 g5 $1 19. Rhd1 Rh7 20. Ne4 Bxe4 21. fxe4 c4 $1 {[%cal
Gf8c5] and although the pin is quite unpleasant,i don't see how white can make
progress here.}) 16... Be7 $14) 16. Nb5 $1 {White's play is very energetical
and concrete - he prevents black from consolidating.} g5 {That move weakens
black's kside and will cause black very soon.} ({On the other side, I can
hardly recommend something better:} 16... Nb6 $2 17. Bxe6+ $1 fxe6 18. Ng6 Re8
19. Nxe7+ Rxe7 20. Nd6+ Kb8 21. Nf5+ Rc7 22. Nxg7 $18) (16... Rd8 17. Bxe6 $1
fxe6 18. Nxe6 $16) 17. Nd3 Bd5 (17... Ne8 18. Ne5 (18. Rhe1 $5) (18. h3 $5 Nb6
19. Ne5) 18... Nxe5 19. Bxe5 Rg8 20. h3 a6 21. Nc3 $16 {[%cal Gc3a4]}) ({
Black had no time to exchange a pair of kingside pawns:} 17... g4 18. Nc7 $1
gxf3 (18... Rb8 19. Nxe6 fxe6 20. Bxe6 $16 Ra8 $140 $2 21. Ne5 Rd8 22. Bh4 $18
{[%csl Re7][%cal Gh4e7,Ge5d7]}) 19. Nxa8 fxg2 20. Rhg1 Bxa8 21. Ba6+ Bb7 22.
Bxb7+ Kxb7 23. Rxg2 $16) 18. Bxd5 Nxd5 19. Rhe1 a6 {Black is trying to
simplify the position, but white's dark-squared bishop will be much stronger
than black's knight.} ({An attempt to avoid a loss of ''c'' pawn fails to:} 
19... c4 20. Ne5 Nxe5 21. Bxe5 Rd8 22. Re4 Nb6 23. Nc7 Rxd1+ 24. Kxd1 Rb8 25.
Nxe6 $1 $16) ({More resistant was:} 19... Kb7 20. c4 (20. Nf2 $5 N7b6 21. Ne4)
20... N5b6 21. b3 $16 {[%csl Rb6,Rc5] although white has a winning position
from strategical point of view.}) 20. Nd6+ Bxd6 21. Bxd6 c4 22. Ne5 (22. Nb4
N7b6 23. Nxd5 Nxd5 24. Re4 $6 (24. Be5 $142 {-22.Ne5}) 24... Kd7 25. Be5 Rhc8
$14) 22... Nxe5 $8 23. Bxe5 Rd8 ({After} 23... f6 24. Bd4 Re8 25. b3 $1 {
black has too many weaknesses. For example:} cxb3 (25... c3 26. Rd3 Kb7 27.
Bxc3 Nxc3 28. Rxc3 $18) 26. axb3 Kc7 27. c4 e5 28. Bxe5+ fxe5 29. Rxd5 $18) 24.
Re4 Nb6 ({An attempt to reach some counterplay fails to} 24... Kb7 25. Rxc4 f6
(25... Ne3 26. Rc7+ Kb6 27. Rdd7 $1 Rxd7 28. Rxd7 $18) 26. Bg3 Ne3 27. Rb4+ Kc6
28. Re1 $18) 25. Rxd8+ Kxd8 26. Bg7 $1 {Suddenly the drawback of 16...g5
becomes very significant in the endgame! Black cannot avoid a loss of pawn.}
Ke7 27. Bxh6 f6 (27... Rg8 28. Rg4 f6 29. h4 $18) 28. h4 gxh4 29. Rxh4 $18 {
White has already an extra pawn, while the ''c4'' pawn is still very weak.
White's only goal is preventing black from getting any counterplay.} Rh8 (29...
Rg8 30. Be3 {-29...Rh8.}) 30. Bg5 Rg8 31. Be3 $1 {It's important to take
control on ''e3'' spot.} ({Less convincing was:} 31. Rh7+ Kd6 32. Bxf6 Rxg2 33.
Bd4 Nd5 {and black's pieces are quite active.}) 31... Nd5 32. Bc5+ Kd7 33. Rxc4
Rxg2 34. Rg4 Rh2 ({The endgame after} 34... Rxg4 35. fxg4 Kc6 36. Bf2 $18 {
is completely hopeless for black.}) 35. c4 $1 {The knight has to leave an
excellent central square.} Nc7 36. Rd4+ Kc6 37. Bb4 {[%cal Gd4d6] A decisive
penetration of white's rook is unavoidable.} Rf2 (37... Ne8 38. Rd8 a5 39. Rxe8
(39. Be7 $6 Rf2 $1 40. Rxe8 Kd7) 39... axb4 40. Rxe6+ Kc5 41. Re4 $18 {[%cal
Ge4f4]}) 38. Rd6+ Kb7 39. Ba5 {[%csl Rc7][%cal Gd6d7]} Rf1+ {There are no
chances for black, so the rest is just an agony.} (39... Na8 40. Rxe6 Rxf3 41.
c5 $18) 40. Kd2 Rf2+ 41. Ke3 Rc2 (41... Rxb2 42. Rd7 $18) 42. Kd3 Rc1 (42...
Rc1 {As I know from tournament practice, after the game arbiters are usually
put white's king on e4 if white wins. That's why it looks like black has
resigned after 42...Rc1, as 43.Ke4?? is just a blunder.} 43. Ke4 ({Black has
probably resigned in view of:} 43. Bxc7 Kxc7 44. Rxe6 $18) ({or} 43. Rb6+ Ka7
44. Rc6 $18) ({because after} 43. Ke4 $4 Rxc4+ {the resignation looks
unbelievable.})) 1-0

[Event "Wch Blitz 8th"]
[Site "Dubai"]
[Date "2014.06.19"]
[Round "3"]
[White "Caruana, Fabiano"]
[Black "Michalik, Peter"]
[Result "1-0"]
[WhiteElo "2791"]
[BlackElo "2557"]
[PlyCount "107"]
[EventDate "2014.06.19"]
[EventType "swiss (blitz)"]
[EventRounds "21"]
[EventCountry "UAE"]
[SourceTitle "CBM 160 Extra"]
[Source "ChessBase"]
[SourceDate "2014.07.01"]
[SourceVersion "1"]
[SourceVersionDate "2014.07.01"]
[SourceQuality "1"]

1. d4 Nf6 2. Bg5 Ne4 3. Bf4 d5 4. e3 c5 5. Bd3 cxd4 6. exd4 Nc6 7. Bxe4 dxe4 8.
Ne2 e5 9. dxe5 Qxd1+ 10. Kxd1 g5 11. Bxg5 Rg8 12. h4 h6 13. Bf6 Rxg2 14. Ke1
Bg4 15. Nf4 Nd4 16. Nxg2 Bf3 17. Rg1 Nxc2+ 18. Kd2 Nxa1 19. Ne3 Rc8 20. Nc3 Kd7
21. Rxa1 Ke6 22. a3 Bc5 23. Rg1 Bd4 24. Kc2 Bxe5 25. Bxe5 Kxe5 26. Rg7 f5 27.
Re7+ Kf6 28. Ned5+ Kg6 29. Nf4+ Kf6 30. Re6+ Kg7 31. Kd2 h5 32. Ke3 Kf7 33. Rh6
Kg7 34. Rd6 b6 35. Rd7+ Kh6 36. Rxa7 Rg8 37. Ncd5 Rg4 38. Ne7 Kg7 39. Nxf5+ Kf6
40. Ng3 Rxh4 41. Nxe4+ Bxe4 42. Kxe4 Rh1 43. Rh7 h4 44. Kf3 Kf5 45. Rh5+ Kf6
46. Rh6+ Kg5 47. Rxb6 Rc1 48. Rb5+ Kf6 49. Nh3 Rc4 50. b3 Rc3+ 51. Kg2 Ke6 52.
a4 Kd6 53. b4 Kc6 54. Rc5+ 1-0

[Event "Wch Seniors 19th"]
[Site "Condino"]
[Date "2009.11.03"]
[Round "7"]
[White "Cebalo, Miso"]
[Black "Tseshkovsky, Vitaly"]
[Result "1-0"]
[WhiteElo "2500"]
[BlackElo "2549"]
[PlyCount "105"]
[EventDate "2009.10.27"]
[EventType "swiss"]
[EventRounds "11"]
[EventCountry "ITA"]
[SourceTitle "EXT 2010"]
[Source "ChessBase"]
[SourceDate "2010.11.25"]
[SourceVersion "1"]
[SourceVersionDate "2010.11.25"]
[SourceQuality "1"]

1. d4 Nf6 2. Bg5 c6 3. Bxf6 exf6 4. c4 f5 5. Nc3 a6 6. e3 b5 7. a3 g6 8. g3
bxc4 9. Bxc4 d5 10. Be2 Bd6 11. Nf3 Nd7 12. Rc1 O-O 13. Na4 Nb6 14. Nc5 Qe7 15.
O-O h5 16. Re1 a5 17. Qb3 Rb8 18. Qc3 g5 19. h4 f6 20. Kg2 Qg7 21. Ba6 Bxc5 22.
Bxc8 Rfxc8 23. dxc5 Nc4 24. b3 Ne5 25. Nxe5 fxe5 26. hxg5 Re8 27. Rh1 Qf7 28.
Rh4 d4 29. exd4 Rxb3 30. Qc4 Qxc4 31. Rxc4 e4 32. Rc2 Rd3 33. Rxh5 Rxd4 34. Rh6
e3 35. Re2 Rd2 36. Kf3 Rxe2 37. Kxe2 exf2+ 38. Kxf2 Rb8 39. Kf3 Kg7 40. Rxc6
Rb3+ 41. Kf4 Rxa3 42. Ra6 a4 43. Kxf5 Rf3+ 44. Ke6 a3 45. g4 Rd3 46. Ke5 Rg3
47. Kd5 Kf7 48. g6+ Kg7 49. Kc4 Rxg4+ 50. Kb3 Rg1 51. Rxa3 Kxg6 52. Kc4 Kf7 53.
Re3 1-0

[Event "Corsica Masters 5th"]
[Site "Bastia"]
[Date "2001.10.30"]
[Round "3.1"]
[White "Chernin, Alexander"]
[Black "Lautier, Joel"]
[Result "1-0"]
[WhiteElo "2592"]
[BlackElo "2653"]
[PlyCount "129"]
[EventDate "2001.10.29"]
[EventType "k.o. (rapid)"]
[EventRounds "4"]
[EventCountry "FRA"]
[SourceTitle "EXT 2002"]
[Source "ChessBase"]
[SourceDate "2001.11.25"]
[SourceVersion "1"]
[SourceVersionDate "2001.11.25"]
[SourceQuality "1"]

1. d4 Nf6 2. Bg5 e6 3. Nd2 h6 4. Bh4 c5 5. e3 Nc6 6. c3 cxd4 7. exd4 Be7 8. Bd3
b6 9. Nc4 d6 10. Ne3 O-O 11. Nf3 Bb7 12. Bc2 Ba6 13. Bxf6 Bxf6 14. d5 Ne7 15.
dxe6 fxe6 16. Qd2 d5 17. Ng4 Nf5 18. O-O-O Be7 19. Rhe1 Qd6 20. Kb1 Rad8 21.
Ne3 Nh4 22. Nxh4 Bxh4 23. g3 Bf6 24. f4 d4 25. Ng4 d3 26. Bb3 Rde8 27. Nf2 Kh8
28. Nxd3 Qxd3+ 29. Qxd3 Bxd3+ 30. Rxd3 Rd8 31. Rxd8 Rxd8 32. Rxe6 Rd2 33. Bc2
Kg8 34. Bg6 Rd8 35. Kc2 Kf8 36. Rc6 Ke7 37. Bf5 Rd5 38. Bg4 Rc5 39. Re6+ Kf7
40. Rd6 Rc7 41. a4 g6 42. Rd5 h5 43. Bf3 Ke6 44. Rb5 Rc5 45. Rxc5 bxc5 46. Kd3
h4 47. Kc4 hxg3 48. hxg3 Kd6 49. Be4 g5 50. fxg5 Bxg5 51. b4 cxb4 52. cxb4 Bd2
53. g4 Ke5 54. Bb7 Kd6 55. Bf3 Kc7 56. Kb5 Be3 57. Kc4 Kd6 58. Kd3 Bc1 59. Ke4
Bd2 60. b5 Ke6 61. Bd1 Kf6 62. Kd5 Ke7 63. Kc6 Ke6 64. Kb7 Be3 65. a5 1-0

[Event "Harkany Tenkes Cup 33rd"]
[Site "Harkany"]
[Date "2009.11.29"]
[Round "4"]
[White "Chernyshov, Konstantin"]
[Black "Flumbort, Andras"]
[Result "1-0"]
[WhiteElo "2534"]
[BlackElo "2516"]
[PlyCount "119"]
[EventDate "2009.11.26"]
[EventType "swiss"]
[EventRounds "9"]
[EventCountry "HUN"]
[SourceTitle "EXT 2011"]
[Source "ChessBase"]
[SourceDate "2010.11.26"]
[SourceVersion "1"]
[SourceVersionDate "2010.11.26"]
[SourceQuality "1"]

1. d4 Nf6 2. Bg5 d5 3. e3 c5 4. Bxf6 gxf6 5. c3 Nc6 6. Nd2 e6 7. Ngf3 f5 8. Bb5
Qb6 9. Bxc6+ bxc6 10. O-O Bg7 11. Nb3 cxd4 12. cxd4 O-O 13. Qc2 a5 14. Nc5 Qb5
15. b3 f6 16. Rac1 Rf7 17. Ne1 Qb8 18. f4 Bf8 19. Ned3 Qd6 20. Rf3 Raa7 21.
Rg3+ Kh8 22. Qe2 Qd8 23. Qh5 Bd6 24. Ne1 e5 25. Ned3 exd4 26. exd4 Rae7 27. Re3
Kg8 28. Rce1 Rxe3 29. Rxe3 Re7 30. Rg3+ Rg7 31. Rxg7+ Kxg7 32. Kf2 Qe7 33. Qe2
Qc7 34. Ne6+ Bxe6 35. Qxe6 Bxf4 36. Qxf5 Bd6 37. g3 Qe7 38. Kf3 Qa7 39. Nf2 h5
40. Qe6 Bb4 41. Qe3 a4 42. bxa4 Qxa4 43. Qb3 Qxb3+ 44. axb3 Bd6 45. Nd3 h4 46.
gxh4 Kg6 47. Nf4+ Kf5 48. Ne2 Kg6 49. Ng3 Ba3 50. Kg4 c5 51. h5+ Kh7 52. dxc5
Bxc5 53. Kf5 Bg1 54. h3 Bf2 55. Ne2 d4 56. Nf4 Kh6 57. b4 Bg1 58. b5 d3 59.
Nxd3 Kxh5 60. Ne1 1-0

[Event "Titled Tuesday 17th Nov"]
[Site "chess.com INT"]
[Date "2020.11.17"]
[Round "7"]
[White "Chigaev, M."]
[Black "Deepan, C."]
[Result "1-0"]
[WhiteElo "2615"]
[BlackElo "2535"]
[PlyCount "41"]
[EventDate "2020.11.17"]
[EventType "swiss (blitz)"]
[EventRounds "11"]
[SourceTitle "The Week in Chess 1359"]
[Source "Mark Crowther"]
[SourceDate "2020.11.23"]
[SourceVersion "2"]
[SourceVersionDate "2020.11.24"]
[SourceQuality "2"]

1. d4 Nf6 2. Bg5 e6 3. e4 h6 4. Bxf6 Qxf6 5. c3 d5 6. Nd2 dxe4 7. Nxe4 Qd8 8.
Nf3 Nd7 9. Bd3 b6 10. Qe2 Bb7 11. O-O-O Bd6 12. Kb1 Qe7 13. h4 O-O-O 14. Ba6
Nb8 15. Bxb7+ Kxb7 16. Rhe1 Rd7 17. g3 Rhd8 18. Nfd2 e5 19. Nc4 Nc6 20. Qf3 g6
21. Nf6 1-0

[Event "Chess24 Banter Blitz Cup"]
[Site "chess24.com INT"]
[Date "2019.11.09"]
[Round "1.7"]
[White "Christiansen, Johan-Sebastian"]
[Black "Bachmann, Ax"]
[Result "1-0"]
[WhiteElo "2558"]
[BlackElo "2629"]
[PlyCount "109"]
[EventDate "2019.09.25"]
[EventType "k.o. (blitz)"]
[EventRounds "7"]
[SourceTitle "The Week in Chess 1305"]
[Source "Mark Crowther"]
[SourceDate "2019.11.11"]
[SourceVersion "2"]
[SourceVersionDate "2019.11.18"]
[SourceQuality "2"]

1. d4 Nf6 2. Bg5 d5 3. Bxf6 gxf6 4. c4 dxc4 5. e3 Bg7 6. Bxc4 O-O 7. Ne2 c5 8.
Nbc3 Nc6 9. dxc5 Qa5 10. Ng3 Qxc5 11. Bd3 Rd8 12. O-O f5 13. Qe2 e6 14. Nh5 b6
15. Rad1 Bb7 16. Ba6 Bxa6 17. Qxa6 Rxd1 18. Rxd1 Ne5 19. Qb7 Rf8 20. Qxa7 Qb4
21. Qc7 Ng6 22. Nxg7 Kxg7 23. b3 h5 24. Na4 b5 25. Qc3+ Qxc3 26. Nxc3 b4 27.
Na4 Rc8 28. Nb2 Rc2 29. Nd3 Rxa2 30. Nxb4 Rb2 31. Nd3 Rxb3 32. g3 h4 33. Kg2
hxg3 34. hxg3 Ra3 35. Rd2 Ne7 36. Nf4 Ra7 37. Rd6 Ng6 38. Nh5+ Kh6 39. Nf6 Kg7
40. Nh5+ Kh6 41. Nf4 Nxf4+ 42. gxf4 Kg6 43. Rd8 Kf6 44. Rg8 Re7 45. Rh8 Rc7 46.
Rh7 Ke7 47. Rh8 Rd7 48. Ra8 Rd5 49. Ra1 Kf6 50. Rh1 Rd8 51. Kg3 Ke7 52. f3 Rg8+
53. Kf2 Rb8 54. Rc1 Rb2+ 55. Kg3 1-0

[Event "Hastings 9697"]
[Site "Hastings"]
[Date "1997.??.??"]
[Round "3"]
[White "Conquest, Stuart"]
[Black "Xie, Jun"]
[Result "1-0"]
[WhiteElo "2585"]
[BlackElo "2510"]
[Annotator "King,D"]
[PlyCount "55"]
[EventDate "1996.12.??"]
[EventType "tourn"]
[EventRounds "9"]
[EventCountry "ENG"]
[EventCategory "13"]
[SourceTitle "CBM 057"]
[Source "ChessBase"]
[SourceDate "1997.04.01"]
[SourceVersion "1"]
[SourceVersionDate "1997.04.01"]
[SourceQuality "1"]

1. d4 Nf6 2. Bg5 Ne4 3. Bf4 d5 4. e3 Bf5 5. f3 Nf6 6. c4 e6 7. Nc3 c6 8. g4 Bg6
9. h4 h6 10. Qb3 b6 11. Nh3 dxc4 12. Bxc4 Nd5 13. O-O-O Bd6 14. Bxd6 Qxd6 15.
e4 Nxc3 16. Qxc3 Nd7 17. h5 Bh7 18. Kb1 O-O-O 19. Ka1 Kb8 20. Nf2 f6 21. Ba6 {
With Black's bishop shut out of the game on the other side of the board,
Conquest latches onto the weak squares on the queenside. Xie Jun fails to
appreciate the danger, misses a couple of tactics and is mated with surprising
speed.} c5 (21... Ka8 {followed by ...Nb8 keeps Black in the game. Retreating
the knight in this way is a common method of defending the squares around the
king. Compare with Handoko-Ye Jiangchuan in this database.}) 22. Qa3 Qg3 23.
Rhf1 cxd4 24. Nd3 Ne5 25. Rc1 Rhe8 (25... Nxd3 26. Qe7 $18) 26. Qa4 Re7 (26...
Nxd3 27. Qc6 $18) 27. Qxd4 Red7 28. Qc3 1-0

[Event "Capablanca Memorial Elite 31st"]
[Site "Cienfuegos"]
[Date "1996.??.??"]
[Round "9"]
[White "Conquest, Stuart"]
[Black "Garcia, Gildardo"]
[Result "1-0"]
[WhiteElo "2540"]
[BlackElo "2525"]
[Annotator "Kantsler,B"]
[PlyCount "43"]
[EventDate "1996.05.??"]
[EventType "tourn"]
[EventRounds "13"]
[EventCountry "CUB"]
[EventCategory "12"]
[SourceTitle "CBM 054"]
[Source "ChessBase"]
[SourceDate "1996.10.01"]
[SourceVersion "1"]
[SourceVersionDate "1996.10.01"]
[SourceQuality "1"]

{Baburin: This game shows an attack on a king castled on the same wing.
Usually such an attack can be successful, if there is a space advantage on
that flank, which allows the attacker to accumulate an advantage in force on
that particular flank.} 1. d4 {Baburin} Nf6 2. Bg5 c5 3. Nc3 (3. dxc5 Ne4 4.
Be3 e6 5. g3 Nxc5 6. Bg2 Nc6 7. c4 Be7 8. Nf3 O-O 9. Nc3 d6 10. O-O a6 11. a3
Qc7 12. Rc1 $16 {Shabalov,A-Kreiman,B/USA-ch/1994/}) (3. d5 g6 (3... Ne4 4. Bf4
Qb6 5. Bc1 e6 6. f3 Nf6 7. c4 exd5 8. cxd5 c4 9. e3 $1 Qa5+ 10. Nc3 b5 11. Qd4
Bb4 12. Qe5+ Kf8 13. a3 Bb7 14. axb4 Qxa1 15. Nge2 Qa6 16. Nd4 $16 {Hodgson,
J-Stohl,I/Isle of Man/1995/1:0/35/}) 4. Nc3 Bg7 5. e4 h6 $1 6. Bd2 d6 7. h3 $6
(7. Nf3 $10) 7... O-O 8. Nf3 e6 9. Be2 exd5 10. exd5 Bf5 $15 {Lputian,
S-Alterman,B/Moscow(olm)/1994/0,5/52/}) 3... cxd4 4. Qxd4 Nc6 5. Qh4 e6 6. e4
Be7 (6... Bb4 $5 $13) 7. Nf3 Qa5 8. Bb5 d6 9. O-O Bd7 (9... O-O $5) 10. Rfe1 a6
$6 (10... O-O $5) 11. Bxc6 Bxc6 12. e5 $1 dxe5 (12... Bxf3 $2 13. exf6 $18) 13.
Nxe5 Rc8 (13... O-O 14. Ng4 (14. Re3 Qb4 $13) (14. Nxc6 $5 bxc6 15. Ne4 Qf5 $8
16. Nxf6+ Bxf6 17. Bxf6 Qxf6 18. Qxf6 gxf6 $14) 14... Nxg4 15. Bxe7 Rfe8 $14)
14. Rad1 O-O $6 (14... Qb4 $1 $13) 15. Rd3 $1 {Baburin: A nice rook lift along
the 3rd rank. White gets an additional powerful piece in his forthcoming
attack on the king side in this way.} Qb4 16. f4 Qb6+ 17. Kh1 Qxb2 $2 (17...
Rfd8 $32) 18. Rg3 Kh8 19. Bh6 $1 g6 (19... gxh6 $2 20. Qxh6 Ne8 21. Qxf8+ $1
Bxf8 22. Nxf7#) 20. Bg5 (20. Bxf8 $6 Rxf8) 20... Kg7 21. Qh6+ Kg8 22. Bxf6 (22.
Bxf6 Bxf6 23. Rh3 $18) 1-0

[Event "Online Olym Top DivD 2021"]
[Site "chess.com INT"]
[Date "2021.09.08"]
[Round "1.2"]
[White "Cordova, E."]
[Black "Adams, Mi"]
[Result "1-0"]
[WhiteElo "2556"]
[BlackElo "2716"]
[PlyCount "123"]
[EventDate "2021.09.08"]
[EventType "team"]
[SourceVersionDate "2018.05.14"]
[WhiteTeam "Peru"]
[BlackTeam "England"]
[WhiteTeamCountry "PER"]
[BlackTeamCountry "ENG"]

1. d4 Nf6 2. Bg5 d5 3. Nd2 Nbd7 4. e3 e5 5. dxe5 Nxe5 6. Ngf3 Bd6 7. c3 c6 8.
Nxe5 Bxe5 9. Nf3 Bd6 10. Bd3 h6 11. Bh4 O-O 12. Nd4 Re8 13. O-O Bd7 14. a4 Rc8
15. a5 Bb8 16. Nf5 Qc7 17. Bg3 Qd8 18. Bh4 Qc7 19. f4 Qd8 20. Rf3 a6 21. Rg3
Bxf5 22. Bxf5 Rc7 23. Qd4 Kf8 24. Rd1 Qd6 25. e4 c5 26. e5 cxd4 27. exd6 Rc4
28. d7 Rd8 29. Bxf6 gxf6 30. Re1 Bxf4 31. Re8+ Rxe8 32. Rg8+ Kxg8 33. dxe8=Q+
Kg7 34. g3 Be5 35. Bd3 Rc7 36. cxd4 Bxd4+ 37. Kg2 Bxb2 38. Qd8 Rc5 39. Qe7 Ba3
40. Qxb7 Rxa5 41. Bxa6 Bc5 42. Be2 Ra2 43. Qb5 Bd4 44. Kf3 Ra3+ 45. Kg4 Ra2 46.
h4 Be5 47. Bf3 d4 48. Qd7 Rc2 49. Bd5 Rc7 50. Qf5 Rc3 51. Kh5 d3 52. Qd7 Rc7
53. Qg4+ Kf8 54. Kxh6 d2 55. Qb4+ Re7 56. Qxd2 Bxg3 57. Bc6 Bc7 58. Kh7 Re6 59.
Qd7 Bb6 60. Bd5 Re7 61. Qc8+ Re8 62. Qb7 1-0

[Event "Sabadell op-A 5th"]
[Site "Sabadell"]
[Date "2012.09.05"]
[Round "7"]
[White "Cordova, Emilio"]
[Black "Burmakin, Vladimir"]
[Result "1-0"]
[WhiteElo "2572"]
[BlackElo "2608"]
[PlyCount "93"]
[EventDate "2012.08.30"]
[EventType "swiss"]
[EventRounds "9"]
[EventCountry "ESP"]
[SourceTitle "CBM 150 Extra"]
[Source "ChessBase"]
[SourceDate "2012.10.19"]
[SourceVersion "1"]
[SourceVersionDate "2012.10.19"]
[SourceQuality "1"]

1. d4 Nf6 2. Bg5 c6 3. Bxf6 gxf6 4. e3 Qb6 5. b3 d5 6. Nf3 Bg4 7. Be2 Nd7 8.
O-O e6 9. c4 f5 10. Nc3 Bg7 11. cxd5 cxd5 12. Ne1 Qa5 13. Bxg4 Qxc3 14. Be2 O-O
15. Nd3 Rfc8 16. Rc1 Qa5 17. Rc2 Qd8 18. b4 a5 19. b5 Rxc2 20. Qxc2 Rc8 21. Qd2
b6 22. Rc1 Rc7 23. h3 Qc8 24. g4 Rxc1+ 25. Nxc1 f4 26. exf4 Bxd4 27. f5 Bf6 28.
fxe6 fxe6 29. Nd3 Nf8 30. g5 Bg7 31. Bg4 Qc3 32. Qxc3 Bxc3 33. f4 Kf7 34. Kf2
Bd4+ 35. Kg3 Ng6 36. f5 exf5 37. Bxf5 Be3 38. Kg4 Kg7 39. Bxg6 Kxg6 40. Ne5+
Kg7 41. Kf5 Bf2 42. a4 Bg3 43. Nd7 Bf2 44. Ke5 Kg6 45. Nf8+ Kxg5 46. Nxh7+ Kh6
47. Nf6 1-0